| 000 | 00837nam a2200253 a 4500 | ||
|---|---|---|---|
| 001 | 14131 | ||
| 003 | BD-JhCC | ||
| 005 | 20241230103609.0 | ||
| 008 | 241212b2022 b |||| ||a| 000 0 b d | ||
| 020 | _a9789848004196 | ||
| 035 | _a(BD-JhCC)14131 | ||
| 040 |
_aBD-JhCC _dBD-JhCC |
||
| 041 | _abengali | ||
| 082 |
_a158 _bCOE 2022 |
||
| 100 | _aকোয়েলহো,পাওলো | ||
| 245 |
_aদ্য অ্যালকেমিস্ট / _cপাওলো কোয়েলহো,অনু:সাইদুর রহমান । |
||
| 260 |
_aঢাকা: _bঅনুভুতি; _c2022. |
||
| 300 |
_a111 p. : _c21 cm. |
||
| 650 | _aSelf-development and meditation. | ||
| 700 | _aলেকটার,শ্যারন এল | ||
| 700 | _aরহমান,সাইদুর | ||
| 942 |
_2ddc _cBK |
||
| 999 |
_c14131 _d14131 |
||